000 00944nmm a2200289 a 4500
001 ocm0002347444
003 TR-IsHL
005 20201028185757.0
008 190519s2018 tu tur
007 cr cn
020 _a9786056864483
035 _a2347444
_b(N$T)
050 0 4 _aPL248.K393
_bK28 2018
090 0 4 _aPL248.K393
_bK28 2018
100 1 _aKayakuş, Cenk
245 1 0 _aKayıp Kıta: Bir Hakan Geda macerası
_h[electronic resource] /
_cCenk Kayakuş ; yayıma hazırlayan İlker Balkan
250 _aBirinci Basım
260 _aİstanbul :
_bKanon Kitap ,
_c2018
300 _a484 p.
650 4 _aDil ve Edebiyat
650 4 _aLanguage and Literature
650 0 _aTürk romanı
650 0 _aTurkish fiction
650 7 _aLITERARY COLLECTIONS / Middle Eastern
_2bisacsh
700 1 _aBalkan, İlker
856 4 0 _uhttp://search.ebscohost.com/login.aspx?direct=true&scope=site&db=e011xww&AN=2347444
999 _c21616
_d21616